00365nam a22001097a 4500008004100000040005500041080002600096245003700122260007100159300001400230650001100244230406b |||||||| |||| 00| 0 eng d aNational Science LibrarycNational Science Library a339(047.1)(545.2)bK2 aTechno-economic survey of Orissa aNew Delhi: bNational Council of Applied Economic Research, c1962 axv, 309p. aSurvey